Association of HSCRP, adiponectin, vitamin D and metabolic syndrome in previous gestational diabetes mellitus women /
Saved in:
| 主要作者: | |
|---|---|
| 格式: | Thesis 图书 |
| 语言: | English |
| 出版: |
2012.
|
| 主题: | |
| 标签: |
添加标签
没有标签, 成为第一个标记此记录!
|
| LEADER | 00947cam a2200253 a 4500 | ||
|---|---|---|---|
| 001 | u857074 | ||
| 003 | SIRSI | ||
| 005 | 201205281002 | ||
| 008 | 120528n2012 my t 000 0 eng m | ||
| 040 | |a UMP | ||
| 043 | |a a-my--- | ||
| 096 | |a WB115 |b UM 2012 Sub | ||
| 100 | 0 | |a Subashini Rajoo. | |
| 245 | 1 | 0 | |a Association of HSCRP, adiponectin, vitamin D and metabolic syndrome in previous gestational diabetes mellitus women / |c Subashini Rajoo. |
| 260 | |c 2012. | ||
| 300 | |a 37 leaves : |b col. ill. ; |c 30 cm. | ||
| 502 | |a Dissertation (M. Int. Med) -- Department of Medicine, Faculty of Medicine, University of Malaya, 2012. | ||
| 504 | |a Bibliography: leaves 33-35 | ||
| 650 | 1 | 2 | |a Diabetes Mellitus |z Malaysia. |
| 650 | 2 | 2 | |a Metabolic Diseases |z Malaysia. |
| 710 | 2 | 0 | |a Universiti Malaya. |b Jabatan Perubatan. |
| 900 | |a RAH | ||
| 596 | |a 2 | ||
| 999 | |a WB115 UM 2012 SUB |w NLM |c 1 |i A515095808 |d 26/6/2012 |f 26/6/2012 |g 1 |l TESIS |m P02MEDKL |r Y |s Y |t TESIS |u 26/6/2012 | ||
